000 00963nab a22002177a 4500
999 _c6401
_d6401
003 OSt
005 20260201180932.0
008 190506c xxu||||| |||| 00| 0 spa d
040 _cPJ
100 _94953
_aAnnone, María Elisa
245 1 0 _aMade by humans. El desafío de producir y trabajar en un mundo cambiante /
_cMaría Elisa Annone.
260 _aBuenos Aires :
_bAbeledoPerrot,
_c2023.
300 _ap. 3-8
500 _aCita: TR LALEY AR/DOC/2416/2023
505 _aSumario: I. Introducción.— II. La era del caos. De VUCA a BANI.— III. Gestionar y trabajar en un mundo cambiante.— IV. Undertake or undergo.
505 _t¿Te interesa el texto completo? Comunicate al correo: koha@justierradelfuego.gov.ar
650 0 _91316
_aDERECHO LABORAL
650 0 _96081
_aCIENCIA Y TECNOLOGÍA
773 0 _02751
_93202
_dBuenos Aires : AbeledoPerrot, 2013-
_tRevista de derecho laboral y seguridad social. Nº 22 - Noviembre 2023
942 _2udc
_cANA